Schema documenti quo disciplina sanctionum seu poenarum in ecclesia latina denuo ordinatur

Spremljeno u:
Bibliografski detalji
Autor kompanije: Pontificia Commissio Codici Iuris Canonici Recognoscendo (Autor)
Format: Knjiga
Jezik:latinski
Izdano: Ciudad del Vaticano Typis Polyglottis Vaticanis 1993
Teme:
Oznake: Dodaj oznaku
Bez oznaka, Budi prvi tko označuje ovaj zapis!

MARC

LEADER 00000nam a2200000 a 4500
001 UCQ4229
003 CL-VaPUC
008 980904e19930000VC |||||||||||||||||lat|d
082 0 4 |a 262  |b PON  |2 21 
110 2 |a Pontificia Commissio Codici Iuris Canonici Recognoscendo  |e author  |9 418488 
245 1 0 |a Schema documenti quo disciplina sanctionum seu poenarum in ecclesia latina denuo ordinatur 
300 |a 31 p 
942 |c BK 
945 |d 19980904 00:00:00  |a mvenant 
260 |a Ciudad del Vaticano  |b Typis Polyglottis Vaticanis  |c 1993 
650 7 |a DERECHO CANONICO  |2 CL-VaPUC  |9 418489 
650 0 |a Iglesia Católica  |9 256114 
583 |a last modification  |c 19980904 00:00:00  |k Rodrigo Vera 
999 |c 274636  |d 274634 
952 |0 0  |1 0  |2 ddc  |4 0  |6 262_000000000000000_PON_1993  |7 0  |8 DER_HDC  |9 310910  |a BIBDER  |b BIBDER  |d 2019-11-20  |i 3436349  |o 262 PON 1993  |p 3436349  |r 2023-01-25  |w 2019-11-20  |x Ubicación 4to Piso  |y MX  |z Estos recursos deben solicitarse con anticipación  |k DER